Sustainable infrastructure planning for the common man (Record no. 92296)

000 -LEADER
fixed length control field 01144pab a2200169 454500
008 - FIXED-LENGTH DATA ELEMENTS--GENERAL INFORMATION
fixed length control field 180718b2011 xxu||||| |||| 00| 0 eng d
100 ## - MAIN ENTRY--PERSONAL NAME
Personal name Jain, Manav
245 ## - TITLE STATEMENT
Title Sustainable infrastructure planning for the common man
260 ## - PUBLICATION, DISTRIBUTION, ETC.
Date of publication, distribution, etc. 2011
300 ## - PHYSICAL DESCRIPTION
Extent p.83-90.
362 ## - DATES OF PUBLICATION AND/OR SEQUENTIAL DESIGNATION
Dates of publication and/or sequential designation Jan-Mar
520 ## - SUMMARY, ETC.
Summary, etc. The whole concept of man, society, shells, spaces and networks has somehow got jeopardized after the invasion of cars. The old cities are being brought down to make space for cars. City makers are busy creating space for housing cars in each nook and corner available in the towns. City planning today is governed by cars not by human beings or the family unit. The million dollar question here for the city planners and administrators is that, in India, who can afford a car? It can be proved that the Potential users of cars are only say 30 per cent or so of the total population of an Indian city. So, the energies, resources, efforts being put to fit in cars in the existing towns and cities are only for the 30 per cent class of people. - Reproduced.
650 ## - SUBJECT ADDED ENTRY--TOPICAL TERM
Topical term or geographic name entry element Urban planning
773 ## - HOST ITEM ENTRY
Main entry heading Nagarlok
908 ## - PUT COMMAND PARAMETER (RLIN)
Put command parameter N
909 ## -
-- 92296
Holdings
Withdrawn status Lost status Damaged status Not for loan Permanent Location Current Location Date acquired Serial Enumeration / chronology Barcode Date last seen Price effective from Koha item type
        Indian Institute of Public Administration Indian Institute of Public Administration 2018-07-19 Volume no: 43, Issue no: 1 AR92756 2018-07-19 2018-07-19 Articles

Powered by Koha